Statistics for Biggest European cities by land area

Click here to take the quiz!

General Stats

  • This quiz has been taken 54 times
    (25 since last reset)
  • The average score is 22 of 25

Answer Stats

CountryArea (Km2)Answer% Correct
Germany892Berlin
100%
Germany758Hamburg
100%
United Kingdom1,572London
100%
Spain604Madrid
100%
Germany310Munich
100%
Italy117Naples
100%
Czech republic298Prague
100%
Italy1,285Rome
100%
Sweden188Stockholm
100%
Austria415Vienna
100%
Poland517Warsaw
100%
Netherlands166Amsterdam
96%
Romania228Bucharest
96%
Ireland112Dublin
96%
Italy182Milan
96%
Poland326Krakow
91%
Belgium131Brussels
87%
United Kingdom175Glasgow
87%
United Kingdom115Manchester
87%
Spain134Valencia
83%
Spain142Seville
74%
Italy130Turin
74%
Italy161Palermo
70%
France118Toulouse
52%
Poland300Szczecin
43%

Score Distribution

Percentile by Number Answered

Percent of People with Each Score

Your Score History

You have not taken this quiz since the last reset